000 01171nac a22003011i 4500
003 EG-ScBUE
005 20230109114224.0
008 230109s2003 ii a f 001 0 eng d
020 _a8120320417
020 _a9788120320413
040 _aEG-ScBUE
_beng
_erda
_cEG-ScBUE
_dEG-ScBUE
082 0 4 _a745.2
_bCHI
_222
100 1 _aChitale, A. K.,
_eauthor.
245 1 0 _aProduct design and manufacturing /
_bA. K. Chitale, director, Indore Institute of Technology & Management, Indore Formerly and Head, Department and Industrial Engineering and Management, Shri G.S. Institute of Technology and Science, Indore, R. C. Gupta, Shri G.S. Institute of Technology and Science, Indore.
250 _aEastern economy edition.
264 1 _aNew Delhi :
_bPrentice Hall of India,
_c2003.
300 _a395 pages :
_billustrations ;
_c24 cm
336 _2rdacontent
_atext
_btxt
337 _2rdamedia
_aunmediated
_bn
338 _2rdacarrier
_avolume
_bnc
500 _aIncludes index.
650 7 _aDesign, Industrial.
_2BUEsh
650 7 _aProduction planning.
_2BUEsh
653 _bART
655 _vReading book
700 1 _aGupta, R. C.,
_eauthor.
942 _cBB
_2ddc
999 _c1034
_d1034